000 01164nam a22002297a 4500
999 _c57727
_d57727
003 Ge_BSU
005 20201015140326.0
008 201015s2019 ge ||||| |||| 00| 0 geo d
020 _a9789941256196
041 _ageo
080 _a343(075.8) ს-54
245 _aსისხლის სამართალი :
_bზოგადი ნაწილი. სახელმძღვანელო /
_cრედ. გ. ნაჭყებია, ნ. თოდუა. ავტ. კოლექტ. გ. ტყეშელიაძე, მ.ლეკვეიშვილი და სხვ.
250 _aმეოთხე გამოცემა
264 _aთბილისი :
_bმერიდიანი,
_c2019.
300 _a783 გვ.
_b25 სმ.
653 _aსამართალი
700 _aნაჭყებია, გ.
_eრედაქტორი
_99611
700 _aთოდუა, ნ.
_eრედაქტორი
_99612
700 _aტყეშელიაძე, გ.
_eავტორი
_93507
700 _aლეკვეიშვილი, მ.და სხვ.
_eავტორი
_99613
942 _2udc
_cBK